Ochranná známka ako významná súčasť majetku podniku. diplomová práca

Gespeichert in:
Bibliographische Detailangaben
1. Verfasser: Fujerík, Radovan
Körperschaft: Ekonomická univerzita v Bratislave. Fakulta podnikového manažmentu
Weitere Verfasser: Kardoš, Peter
Format: Buch
Sprache:Slowakisch
Veröffentlicht: Bratislava 2010
Tags: Tag hinzufügen
Keine Tags, Fügen Sie das erste Tag hinzu!

MARC

LEADER 00000nam a2200000 4500
001 0123025
005 20240318122959.3
041 0 |a slo 
044 |a SK 
245 1 0 |a Ochranná známka ako významná súčasť majetku podniku.  |b diplomová práca  |c Radovan Fujerík ; škol. Peter Kardoš 
264 1 |a Bratislava  |c 2010 
300 |a 86 s. 
100 1 |a Fujerík, Radovan 
700 1 |a Kardoš, Peter 
710 2 |a Ekonomická univerzita v Bratislave. Fakulta podnikového manažmentu